000
00277nam a2200109Ia 4500
008
230907s9999||||xx |||||||||||||| ||und||
082
_a
618.9289
_b
MAS
100
_a
Mash, Eric J.,
_9
116184
245
0
_a
Abnormal child psychology /
300
_a
xxiii, 628 pages :
942
_c
BK
999
_c
601586
_d
601586